Giáo trình quản lý tài nguyên thiên nhiên trên cơ sở phát triển cộng đồng

Bewaard in:
Bibliografische gegevens
Hoofdauteur: Huỳnh, Quang Tín
Formaat: Boek
Taal:Undetermined
Gepubliceerd in: Cần Thơ Trường ĐH Cần Thơ 2007
Onderwerpen:
Tags: Voeg label toe
Geen labels, Wees de eerste die dit record labelt!
Thư viện lưu trữ: Trung tâm Học liệu Trường Đại học Cần Thơ
LEADER 00585nam a2200181Ia 4500
001 CTU_123220
008 210402s9999 xx 000 0 und d
082 |a 333.7 
082 |b T311 
100 |a Huỳnh, Quang Tín 
245 0 |a Giáo trình quản lý tài nguyên thiên nhiên trên cơ sở phát triển cộng đồng 
245 0 |c Huỳnh Quang Tín 
260 |a Cần Thơ 
260 |b Trường ĐH Cần Thơ 
260 |c 2007 
650 |a Natural resources 
904 |i M.Loan 
980 |a Trung tâm Học liệu Trường Đại học Cần Thơ